[Event "Frankfurt Ch 2009"]
[Site "Ffm-Kalbach, LAZ"]
[Date "2009.06.15"]
[Round "5.28"]
[White "Koch, Markus"]
[Black "Kretner, Georg-Ulrich"]
[Result "1-0"]
[WhiteElo "2008"]
[BlackElo "1850"]
[PlyCount "67"]
[EventDate "2009.??.??"]
[WhiteTeam "SC Brett vor'm Kopp Ffm"]
[BlackTeam "SC Bad Nauheim"]

1. c4 Nf6 2. g3 g6 3. Bg2 Bg7 4. Nc3 O-O 5. e3 d6 6. Nge2 e5 7. O-O a5 8. b3 c6
9. d4 Re8 10. f4 exd4 11. Nxd4 d5 12. cxd5 Nxd5 13. Nxd5 cxd5 14. Bd2 Nc6 15.
Nxc6 bxc6 16. Rc1 Qb6 17. Kh1 Ba6 18. Re1 Rac8 19. Qc2 f5 20. Qc5 Qxc5 21. Rxc5
Bb5 22. a4 Bf8 23. Rcc1 Bd3 24. Bxa5 Ba3 25. Rc3 Be4 26. b4 Bb2 27. Rb3 Bd4 28.
Bxe4 Rxe4 29. b5 cxb5 30. exd4 Rxe1+ 31. Bxe1 bxa4 32. Rc3 Rb8 33. Kg2 Rb4 34.
Rc8+ 1-0

[Event "Frankfurt Ch 2009"]
[Site "Ffm-Kalbach, LAZ"]
[Date "2009.06.15"]
[Round "5.29"]
[White "Petri, Igor"]
[Black "Kreiling, Carsten"]
[Result "0-1"]
[WhiteElo "1818"]
[BlackElo "2114"]
[PlyCount "52"]
[EventDate "2009.??.??"]
[WhiteTeam "TuS Makkabi Ffm"]
[BlackTeam "SVG Eppstein 1932"]

1. f4 d5 2. Nf3 Nf6 3. e3 g6 4. d4 Bg7 5. Bd3 O-O 6. Nbd2 Bf5 7. Bxf5 gxf5 8.
O-O Nbd7 9. b3 Ne4 10. Bb2 Ndf6 11. Ne5 Nxd2 12. Qxd2 Ne4 13. Qe2 Bxe5 14. dxe5
Qd7 15. Rf3 Qe6 16. Rh3 a5 17. a4 Ra6 18. Kh1 Rc6 19. Rg1 Kh8 20. g4 fxg4 21.
Rh5 Qg6 22. e6+ f6 23. Rxd5 Rxc2 24. f5 Rxe2 25. fxg6 Nf2+ 26. Kg2 Rxb2 0-1

[Event "Frankfurt Ch 2009"]
[Site "Ffm-Kalbach, LAZ"]
[Date "2009.06.15"]
[Round "5.30"]
[White "Bittner, Peter"]
[Black "Schreyer, Alois"]
[Result "1-0"]
[WhiteElo "1960"]
[BlackElo "2113"]
[PlyCount "73"]
[EventDate "2009.??.??"]
[WhiteTeam "SC Brett vor'm Kopp Ffm"]
[BlackTeam "SC Steinbach"]

1. e4 e6 2. c3 d5 3. exd5 exd5 4. Nf3 Bd6 5. d4 Nf6 6. Be2 O-O 7. O-O c6 8. Bg5
h6 9. Bh4 Bf5 10. Ne5 Nbd7 11. f4 Qb6 12. Nxd7 Nxd7 13. b4 Qc7 14. Bg4 Bxg4 15.
Qxg4 f5 16. Qf3 Nf6 17. Bxf6 Rxf6 18. Nd2 Re8 19. g3 Rfe6 20. Qh5 Qf7 21. Qxf7+
Kxf7 22. Nf3 Re3 23. Ne5+ Bxe5 24. fxe5 Ke6 25. Rac1 Re2 26. Rf2 Re4 27. Rcf1
Rf8 28. a4 b6 29. Rf4 g5 30. Rxe4 dxe4 31. Kf2 f4 32. Ke2 Kd5 33. gxf4 gxf4 34.
Rg1 Re8 35. Rg6 Re6 36. c4+ Kxd4 37. Rxe6 1-0

[Event "Frankfurt Ch 2009"]
[Site "Ffm-Kalbach, LAZ"]
[Date "2009.06.15"]
[Round "5.31"]
[White "Riha, Peter"]
[Black "Marzahn, Heiko"]
[Result "0-1"]
[WhiteElo "1815"]
[BlackElo "1985"]
[PlyCount "54"]
[EventDate "2009.??.??"]
[WhiteTeam "SC Bergen-Enkheim 1922"]
[BlackTeam "Sfr.Erbach"]

1. d4 Nf6 2. c4 e6 3. Nc3 Bb4 4. e3 b6 5. Nge2 c5 6. a3 Ba5 7. Rb1 Na6 8. Bd2
Bb7 9. Nf4 Ne4 10. Bd3 Nxc3 11. bxc3 O-O 12. Qg4 f5 13. Qg3 Qe7 14. d5 e5 15.
Ne2 Nc7 16. Qh3 e4 17. Bc2 Ba6 18. Bb3 Ne8 19. g4 Nd6 20. gxf5 Rxf5 21. Rg1
Raf8 22. Rg2 Bxc4 23. Ng3 Rxd5 24. Bc2 Qe5 25. Qxd7 Rxd2 26. f4 Rxg2 27. fxe5
Bxc3+ 0-1

[Event "Frankfurt Ch 2009"]
[Site "Ffm-Kalbach, LAZ"]
[Date "2009.06.15"]
[Round "5.32"]
[White "Winter, Olaf"]
[Black "Perlitz, Sven"]
[Result "1-0"]
[WhiteElo "1674"]
[BlackElo "2152"]
[PlyCount "95"]
[EventDate "2009.??.??"]
[WhiteTeam "SK 1924 Pfungstadt"]
[BlackTeam "SC 1961 König Nied"]

1. c4 e5 2. Nc3 Nc6 3. g3 f5 4. Bg2 Nf6 5. a3 g6 6. e3 Bg7 7. Nge2 O-O 8. O-O
d6 9. d3 g5 10. f4 h6 11. b4 a6 12. Bb2 Qe8 13. Qd2 Be6 14. Rac1 Qf7 15. h3
Rae8 16. Qd1 gxf4 17. exf4 e4 18. dxe4 Nxe4 19. Qc2 Nd4 20. Nxd4 Bxd4+ 21. Kh2
Qg7 22. Bxe4 fxe4 23. Nd1 Bf5 24. Bxd4 Qxd4 25. Qc3 c5 26. Ne3 a5 27. b5 Qd3
28. Rf2 Qxc3 29. Rxc3 Rd8 30. g4 Bc8 31. f5 Kg7 32. Nd5 Kf7 33. Re3 Rde8 34.
Rf4 h5 35. Rfxe4 Rxe4 36. Rxe4 Rg8 37. Re7+ Kf8 38. Rc7 Bxf5 39. gxf5 Rg5 40.
f6 h4 41. Rxb7 Rf5 42. Rh7 a4 43. Rxh4 Rf3 44. Rh8+ Kf7 45. Rh7+ Kf8 46. Nc7
Rxf6 47. Rh8+ Kf7 48. Ra8 1-0

[Event "Frankfurt Ch 2009"]
[Site "Ffm-Kalbach, LAZ"]
[Date "2009.06.15"]
[Round "5.33"]
[White "Klyszcz, Michael"]
[Black "Hillgaertner, Walter"]
[Result "1-0"]
[WhiteElo "2056"]
[BlackElo "1976"]
[PlyCount "89"]
[EventDate "2009.??.??"]
[WhiteTeam "SC Heusenstamm"]
[BlackTeam "SC Bad Nauheim"]

1. e4 g6 2. Nf3 Bg7 3. c3 d6 4. d4 Nd7 5. Bc4 e6 6. O-O Ne7 7. Re1 O-O 8. e5
dxe5 9. Qe2 Nb6 10. Nxe5 Nxc4 11. Nxc4 Nc6 12. Bf4 Bd7 13. Qf3 Rc8 14. Nbd2 b5
15. Ne3 Ne7 16. Rad1 Bc6 17. Qg3 Nd5 18. Nxd5 Qxd5 19. Nb3 Ba8 20. f3 a5 21.
Bxc7 a4 22. Nc1 Qd7 23. Ba5 Rfe8 24. Nd3 Qd5 25. a3 Qb3 26. Rd2 Bh6 27. Rde2
Bg7 28. Nc5 Qd5 29. Ne4 Rc6 30. Bb4 Rd8 31. Be7 Rdc8 32. Qf4 Qf5 33. Qh4 Qh5
34. Qg3 Re8 35. Bf6 Bf8 36. Be5 Be7 37. Bf6 Bf8 38. Nf2 Qf5 39. Ng4 h5 40. Re5
Qc2 41. Qh4 Qd2 42. Bg5 Be7 43. Nh6+ Kg7 44. Nf5+ exf5 45. Rxe7 1-0

[Event "Frankfurt Ch 2009"]
[Site "Ffm-Kalbach, LAZ"]
[Date "2009.06.15"]
[Round "5.34"]
[White "Bagatsch, Thomas"]
[Black "Frank, Andreas"]
[Result "1-0"]
[WhiteElo "2123"]
[BlackElo "1824"]
[PlyCount "85"]
[EventDate "2009.??.??"]
[WhiteTeam "SC Brett vor'm Kopp Ffm"]
[BlackTeam "Biebertaler Sfr."]

1. e4 e5 2. Nf3 Nc6 3. Nc3 Nf6 4. Nxe5 Nxe5 5. d4 Nc6 6. d5 Nb8 7. e5 Qe7 8.
Qe2 Ng8 9. Nb5 d6 10. Nxc7+ Kd8 11. exd6 Qxe2+ 12. Bxe2 Bxd6 13. Nxa8 Ne7 14.
Be3 b6 15. Nxb6 axb6 16. Bxb6+ Ke8 17. Bf3 Nd7 18. Bd4 Ne5 19. Be4 f5 20. f4
Ng4 21. Bf3 Bxf4 22. c4 Nxh2 23. Bxg7 Rg8 24. Bd4 Ba6 25. b3 Bg3+ 26. Kd2 Kd7
27. Kc3 Rc8 28. Kb2 Ng6 29. Rxh2 Bxh2 30. Rh1 Be5 31. Rxh7+ Kd8 32. Kc3 Bxd4+
33. Kxd4 Rc7 34. Rh6 Rg7 35. c5 Bf1 36. d6 Nf4 37. c6 Ng6 38. Bh5 Bxg2 39. Rxg6
Rxg6 40. c7+ Kd7 41. Bxg6 Bh3 42. Ke5 f4 43. Kxf4 1-0

[Event "Frankfurt Ch 2009"]
[Site "Ffm-Kalbach, LAZ"]
[Date "2009.06.15"]
[Round "5.35"]
[White "Kabir, Razaul"]
[Black "Trumpfheller, Roland"]
[Result "1-0"]
[WhiteElo "2100"]
[BlackElo "1770"]
[PlyCount "47"]
[EventDate "2009.??.??"]
[WhiteTeam "Sfr. Frankfurt 1921"]
[BlackTeam "SC 1926 Kahl"]

1. e4 d5 2. exd5 Qxd5 3. Nc3 Qd6 4. d4 Nf6 5. Bb5+ Bd7 6. Nf3 Bxb5 7. Nxb5 Qb4+
8. Nc3 Ne4 9. Qd3 Nxc3 10. bxc3 Qa5 11. O-O Nc6 12. c4 e6 13. Bd2 Qh5 14. Rab1
O-O-O 15. Qb3 b6 16. Qa4 Nxd4 17. Nxd4 Rxd4 18. Bc3 Bd6 19. g3 Rh4 20. Qc6 Rxh2
21. Rb5 Qh3 22. Be5 Bxe5 23. Rxe5 h5 24. Rd1 1-0

[Event "Frankfurt Ch 2009"]
[Site "Ffm-Kalbach, LAZ"]
[Date "2009.06.15"]
[Round "5.36"]
[White "Neumann, Manfred"]
[Black "Schneider, Uwe"]
[Result "0-1"]
[WhiteElo "1779"]
[BlackElo "2010"]
[PlyCount "92"]
[EventDate "2009.??.??"]
[WhiteTeam "SC 1961 König Nied"]
[BlackTeam "SV Kinzigtal"]

1. d4 Nf6 2. Nf3 g6 3. Bg5 Bg7 4. Nbd2 d5 5. e3 O-O 6. Bd3 c5 7. c3 cxd4 8.
Bxf6 Bxf6 9. cxd4 Nc6 10. O-O b6 11. Rc1 Bb7 12. Qa4 Qd6 13. a3 a6 14. e4 b5
15. Bxb5 Nxd4 16. Bd3 Nxf3+ 17. Nxf3 dxe4 18. Bxe4 Bxe4 19. Qxe4 Bxb2 20. Rfd1
Qxa3 21. Rc7 Bf6 22. g3 Rab8 23. Rcd7 Rfc8 24. Kg2 Qb4 25. Qd3 Qb5 26. Qe4 a5
27. R1d5 Qb4 28. Qd3 a4 29. h4 a3 30. Ra7 Ra8 31. Qa6 Rxa7 32. Qxc8+ Kg7 33.
Rd8 e6 34. Rh8 Kh6 35. Qc1+ Kg7 36. Qc8 Kh6 37. Qc1+ Kg7 38. Qc8 Bb2 39. Qg8+
Kf6 40. Rxh7 a2 41. Qd8+ Re7 42. Ng5 Qb7+ 43. Kh2 Qd7 44. Rxf7+ Ke5 45. Qa5+
Qd5 46. f4+ Kd4 0-1

[Event "Frankfurt Ch 2009"]
[Site "Ffm-Kalbach, LAZ"]
[Date "2009.06.15"]
[Round "5.37"]
[White "Bastian, Holger"]
[Black "Rutkowski, Jörg"]
[Result "0-1"]
[WhiteElo "1774"]
[BlackElo "2072"]
[PlyCount "38"]
[EventDate "2009.??.??"]
[WhiteTeam "SC S.-W. Schweinheim"]
[BlackTeam "SC Frankfurt-West"]

1. e4 e6 2. d3 d5 3. Nd2 c5 4. Ngf3 Nc6 5. g3 Bd6 6. Bg2 Nge7 7. O-O O-O 8. Re1
Qc7 9. Qe2 f6 10. h4 Bd7 11. c3 d4 12. c4 a6 13. h5 b5 14. Nh4 e5 15. a3 Be6
16. b3 Rab8 17. Qf3 Qd7 18. Nf1 Bg4 19. Bh3 Bxh3 0-1

[Event "Frankfurt Ch 2009"]
[Site "Ffm-Kalbach, LAZ"]
[Date "2009.06.15"]
[Round "5.38"]
[White "Minor, Dieter"]
[Black "Ochmann, Reimund"]
[Result "1-0"]
[WhiteElo "1848"]
[BlackElo "2119"]
[PlyCount "93"]
[EventDate "2009.??.??"]
[WhiteTeam "SV Wiesbaden 1885"]
[BlackTeam "SK Langen"]

1. d4 d5 2. Bf4 Nf6 3. e3 c5 4. c3 Nc6 5. Nf3 e6 6. Nbd2 Bd6 7. Ne5 O-O 8. Ndf3
Ne4 9. Rc1 c4 10. Nxc6 bxc6 11. Bxd6 Qxd6 12. Qc2 c5 13. Bxc4 Nxc3 14. dxc5 Qc6
15. Nd4 Qc7 16. Qxc3 dxc4 17. Qxc4 e5 18. Ne2 Qb7 19. O-O Qxb2 20. Rc2 Qb8 21.
a4 a5 22. Nc3 Qb4 23. Qd5 Ba6 24. Rb1 Qg4 25. Rb6 h5 26. h3 Qf5 27. Rd2 Qg5 28.
Ne4 Qh4 29. Nc3 Qg5 30. Rd6 Rfc8 31. Rd7 Qf6 32. Ne4 Qf5 33. h4 Rab8 34. Ng5
Rf8 35. c6 Rb1+ 36. Kh2 Rb4 37. e4 Qg4 38. g3 Bc4 39. Qxe5 f6 40. Qe7 Bf7 41.
Rd8 fxg5 42. Rxf8+ Kh7 43. Qxf7 gxh4 44. Qg8+ Kh6 45. Rd6+ g6 46. Qh8+ Kg5 47.
Rd5+ 1-0

[Event "Frankfurt Ch 2009"]
[Site "Ffm-Kalbach, LAZ"]
[Date "2009.06.15"]
[Round "5.39"]
[White "Hierling, Stefan"]
[Black "Kraus, Eduard"]
[Result "1-0"]
[WhiteElo "2045"]
[BlackElo "1893"]
[PlyCount "102"]
[EventDate "2009.??.??"]
[WhiteTeam "SK 1927 Dieburg"]
[BlackTeam "SV Bergwinkel"]

1. e4 c6 2. Nc3 d5 3. exd5 cxd5 4. d4 Nc6 5. Bb5 e6 6. Nf3 Bd7 7. O-O Nf6 8.
Re1 Be7 9. a3 O-O 10. Bxc6 Bxc6 11. h3 Qb6 12. Ne5 Rfc8 13. Re3 Be8 14. Ne2 Ne4
15. c4 f6 16. c5 Qc7 17. Nf3 Bf7 18. b4 Ng5 19. Nxg5 fxg5 20. Rg3 Qd8 21. f4
gxf4 22. Nxf4 Bf6 23. Bb2 Qe7 24. Qe2 Re8 25. Nd3 Bh4 26. Rf3 Bh5 27. g4 Bg6
28. Nf2 Bxf2+ 29. Rxf2 Rf8 30. Raf1 Rxf2 31. Rxf2 Be4 32. Kh2 Rf8 33. Qe3 Rxf2+
34. Qxf2 Qg5 35. a4 h5 36. gxh5 Qxh5 37. b5 Qe8 38. Bc3 Bd3 39. Qg2 a6 40. bxa6
Bxa6 41. a5 Qf7 42. Bd2 Bd3 43. Kg1 Ba6 44. Be3 Qf5 45. h4 Bd3 46. Qg5 Qxg5+
47. Bxg5 g6 48. Kf2 Kf7 49. Ke3 Bf5 50. c6 bxc6 51. a6 e5 1-0

[Event "Frankfurt Ch 2009"]
[Site "Ffm-Kalbach, LAZ"]
[Date "2009.06.15"]
[Round "5.40"]
[White "Benikhis, Avram"]
[Black "Schöne, Matthias"]
[Result "1-0"]
[WhiteElo "1762"]
[BlackElo "2035"]
[PlyCount "81"]
[EventDate "2009.??.??"]
[WhiteTeam "SC Eschbach i. USI-Land"]
[BlackTeam "SC Bad Nauheim"]

1. e4 d5 2. exd5 Nf6 3. d4 Bg4 4. f3 Bf5 5. c4 c6 6. dxc6 Nxc6 7. Be3 e6 8. Nc3
Bb4 9. Rc1 O-O 10. a3 Bxc3+ 11. Rxc3 Qa5 12. b4 Qc7 13. Bd3 Ne7 14. Ne2 e5 15.
dxe5 Qxe5 16. Bd4 Qe6 17. O-O Rad8 18. Bxa7 b6 19. Bxf5 Nxf5 20. Qc2 Rfe8 21.
Nf4 Qe5 22. Bxb6 Qxf4 23. Bxd8 Rxd8 24. Rd3 Re8 25. Qd2 Qxc4 26. Rd8 g6 27.
Rxe8+ Nxe8 28. a4 Nf6 29. Rc1 Qe6 30. b5 Nd5 31. Rc6 Qe5 32. a5 Nd4 33. Rc8+
Kg7 34. b6 Nb3 35. Qd3 Nf4 36. Qe4 Qa1+ 37. Kf2 Qb2+ 38. Rc2 Qf6 39. b7 Qd6 40.
g3 Nd2 41. Qxf4 1-0

[Event "Frankfurt Ch 2009"]
[Site "Ffm-Kalbach, LAZ"]
[Date "2009.06.15"]
[Round "5.41"]
[White "Biegel, Thomas"]
[Black "Rehn, Hans Peter"]
[Result "1-0"]
[WhiteElo "2017"]
[BlackElo "1726"]
[PlyCount "53"]
[EventDate "2009.??.??"]
[WhiteTeam "SC Eschborn 1974"]
[BlackTeam "SK Gründau"]

1. d4 d6 2. g3 g6 3. Bg2 Bg7 4. Nf3 f5 5. c3 Nf6 6. Qb3 Ne4 7. Nbd2 d5 8. O-O
e6 9. Ne1 O-O 10. f3 Nxd2 11. Bxd2 c6 12. Nd3 Qb6 13. Bf4 Nd7 14. e4 c5 15.
Qxb6 axb6 16. dxc5 bxc5 17. Bd6 Rf7 18. exd5 exd5 19. f4 c4 20. Nb4 Bf8 21.
Bxf8 Kxf8 22. Bxd5 Re7 23. Bxc4 Nb6 24. Bb3 Be6 25. Rae1 Rae8 26. Kf2 Nc4 27.
Rxe6 1-0

[Event "Frankfurt Ch 2009"]
[Site "Ffm-Kalbach, LAZ"]
[Date "2009.06.15"]
[Round "5.42"]
[White "Enders, Georg"]
[Black "Faqiry, Ramat"]
[Result "0-1"]
[WhiteElo "2011"]
[BlackElo "1974"]
[PlyCount "74"]
[EventDate "2009.??.??"]
[WhiteTeam "SC Nidderau"]
[BlackTeam "SK Bad Homburg 1927"]

1. e4 c5 2. Nf3 Nc6 3. d4 cxd4 4. Nxd4 Nf6 5. Nc3 e5 6. Nf3 Bb4 7. Bc4 O-O 8.
Bg5 h6 9. Bxf6 Bxc3+ 10. bxc3 Qxf6 11. Qd3 d6 12. Rb1 Rb8 13. O-O Be6 14. Bb3
Rfd8 15. Rfd1 a6 16. Qe3 b5 17. Qc1 Bxb3 18. cxb3 Ne7 19. Qa3 d5 20. Qa5 Rd6
21. Nd2 Rbd8 22. Re1 Qf4 23. c4 dxc4 24. Nf3 Nc6 25. Qc3 Rd3 26. Qb2 c3 27. Qc1
Qxc1 28. Rbxc1 b4 29. Kf1 f6 30. Rc2 g5 31. h3 h5 32. Re3 R3d6 33. g4 h4 34.
Re1 Nd4 35. Nxd4 exd4 36. e5 fxe5 37. Rxe5 d3 0-1

[Event "Frankfurt Ch 2009"]
[Site "Frankfurt"]
[Date "2009.06.19"]
[Round "5.43"]
[White "Rosa, Mike"]
[Black "Pauly, Markus"]
[Result "1-0"]
[WhiteElo "2119"]
[BlackElo "1883"]
[PlyCount "59"]
[EventDate "2009.??.??"]
[EventCountry "GER"]
[WhiteTeam "Chess Tigers SFV"]
[BlackTeam "Köspr.Bernkastel"]

1. e4 c5 2. Nf3 a6 3. Nc3 b5 4. d4 e6 5. d5 Bb7 6. dxe6 fxe6 7. e5 Nc6 8. Bd3
Qc7 9. Qe2 Nge7 10. Bf4 b4 11. Ne4 Nf5 12. O-O Be7 13. Rad1 O-O 14. Nd6 Ncd4
15. Nxd4 Nxd4 16. Qh5 Nf5 17. Nxf5 exf5 18. Bxf5 Rxf5 19. Qxf5 Qc6 20. f3 Bc8
21. Qd3 Ra7 22. c4 bxc3 23. Qxc3 Rb7 24. Be3 d6 25. exd6 Bxd6 26. Rc1 Rc7 27.
Qc4+ Kh8 28. Rfd1 a5 29. Rxd6 Qxd6 30. Bf4 1-0

[Event "Frankfurt Ch 2009"]
[Site "Ffm-Kalbach, LAZ"]
[Date "2009.06.15"]
[Round "5.44"]
[White "Geipert, Wilfried"]
[Black "Cors, Heinz-Friedrich"]
[Result "1/2-1/2"]
[WhiteElo "1716"]
[BlackElo "1984"]
[PlyCount "91"]
[EventDate "2009.??.??"]
[WhiteTeam "SC Brett vor'm Kopp Ffm"]
[BlackTeam "Schachforum Darmstadt"]

1. d4 Nf6 2. c4 e6 3. Nc3 Bb4 4. a3 Bxc3+ 5. bxc3 O-O 6. f3 d6 7. e4 Nbd7 8.
Bd3 e5 9. Ne2 Qe7 10. Bg5 Re8 11. O-O h6 12. Bh4 g5 13. Bf2 Nf8 14. Qd2 Ng6 15.
Rae1 Nh5 16. Ng3 Nxg3 17. hxg3 Kg7 18. Be3 f6 19. f4 b6 20. f5 Nf8 21. Kf2 Ba6
22. Qe2 Qf7 23. Rh1 Nd7 24. Qh5 Qxh5 25. Rxh5 Rad8 26. Kf3 Nb8 27. Reh1 Rh8 28.
Rb1 Nc6 29. d5 Nb8 30. a4 Nd7 31. Ra1 Bb7 32. a5 Ra8 33. Rhh1 Rhb8 34. g4 c5
35. a6 Bc8 36. g3 Nf8 37. Ra2 Bd7 38. Rah2 b5 39. Rxh6 bxc4 40. Bxc4 Bb5 41.
Bxb5 Rxb5 42. R6h2 Rab8 43. Ra2 Rb2 44. Rha1 Nd7 45. Bd2 R8b3 46. Rxb2 1/2-1/2

[Event "Frankfurt Ch 2009"]
[Site "Ffm-Kalbach, LAZ"]
[Date "2009.06.15"]
[Round "5.45"]
[White "Funkschmidt, Kai"]
[Black "Rausch, Wolfgang"]
[Result "0-1"]
[WhiteElo "1871"]
[BlackElo "1730"]
[PlyCount "108"]
[EventDate "2009.??.??"]
[WhiteTeam "SC Empor Maulwurf Bonn"]
[BlackTeam "VSG 1880 Offenbach"]

1. c4 c5 2. Nc3 Nc6 3. g3 Nf6 4. Bg2 e6 5. e4 d6 6. f4 a6 7. d3 Be7 8. Nge2 Nd4
9. O-O O-O 10. h3 Qc7 11. Be3 e5 12. f5 Bd7 13. g4 Bc6 14. Ng3 b5 15. g5 Nd7
16. Rf2 Rfc8 17. Nd5 Bxd5 18. exd5 Qd8 19. f6 gxf6 20. Qh5 Nf8 21. Bxd4 cxd4
22. Raf1 Ng6 23. Nf5 Bf8 24. Be4 Ra7 25. Nh4 bxc4 26. Rxf6 Rcc7 27. dxc4 Bg7
28. R6f2 Rxc4 29. Nf5 Rcc7 30. h4 Bf8 31. Qg4 Qd7 32. Rh2 Qc8 33. h5 Nf4 34. g6
fxg6 35. Rxf4 exf4 36. hxg6 Rc1+ 37. Kg2 Rc2+ 38. Kf3 h5 39. Qxh5 Rxh2 40. Qxh2
Qc1 41. Qg2 Rb7 42. g7 Bxg7 43. Nxd6 Rxb2 44. Qg6 Qe3+ 45. Kg4 Qg3+ 46. Kf5
Qxg6+ 47. Kxg6 Rxa2 48. Ne8 Bf8 49. d6 Ra5 50. d7 Be7 51. Bf5 f3 52. Nf6+ Kh8
53. Kf7 Bd8 54. Ke8 Bxf6 0-1

[Event "Frankfurt Ch 2009"]
[Site "Ffm-Kalbach, LAZ"]
[Date "2009.06.15"]
[Round "5.46"]
[White "Nagel, Norbert"]
[Black "Roccasalvo, Giuseppe"]
[Result "1/2-1/2"]
[WhiteElo "1715"]
[BlackElo "1859"]
[PlyCount "120"]
[EventDate "2009.??.??"]
[WhiteTeam "SC Bad Nauheim"]
[BlackTeam "SF Plochingen"]

1. g3 Nf6 2. c4 c5 3. Bg2 g6 4. Nc3 Bg7 5. Nf3 Nc6 6. O-O O-O 7. Rb1 a6 8. a3
d5 9. cxd5 Nxd5 10. Nxd5 Qxd5 11. d3 Qa2 12. Be3 c4 13. Qc1 cxd3 14. exd3 Bf5
15. Rd1 Rac8 16. Qd2 Rfd8 17. Ne1 Qb3 18. Rbc1 Qxb2 19. Qxb2 Bxb2 20. Rb1 Bxa3
21. Rxb7 Bd6 22. Rb6 Nb4 23. Bf1 Rb8 24. Ra1 Rxb6 25. Bxb6 Rb8 26. Ba5 Nc6 27.
Bd2 a5 28. Nf3 Bb4 29. Be3 Bg4 30. Kg2 Rd8 31. h3 Bf5 32. Rd1 h5 33. Be2 Be6
34. Nd2 Ne5 35. d4 Bd5+ 36. Kf1 Nc6 37. Nc4 e6 38. Ne5 Nxe5 39. dxe5 Rc8 40.
Rc1 Rxc1+ 41. Bxc1 a4 42. Bb2 a3 43. Bc1 Kf8 44. h4 Ke7 45. g4 hxg4 46. Bxg4
Bc4+ 47. Kg2 Bd3 48. h5 gxh5 49. Bxh5 Bg6 50. Bxg6 fxg6 51. Kf3 Kf7 52. Kg4 Be7
53. Kf4 Kg7 54. Kg3 Kf8 55. Kf3 Ke8 56. Ke4 Kd7 57. Kd4 Kc6 58. Kc4 a2 59. Bb2
Bc5 60. f3 Be3 1/2-1/2

[Event "Frankfurt Ch 2009"]
[Site "Ffm-Kalbach, LAZ"]
[Date "2009.06.15"]
[Round "5.47"]
[White "Kulenovic, Adnan"]
[Black "Wolff, Juergen"]
[Result "1-0"]
[WhiteElo "1854"]
[BlackElo "1693"]
[PlyCount "65"]
[EventDate "2009.??.??"]
[WhiteTeam "SK Springer Rodenbach"]
[BlackTeam "SC 1933 Somborn"]

1. d4 g6 2. e4 Bg7 3. f4 d6 4. Nc3 Nf6 5. Nf3 c5 6. e5 Ng4 7. Bb5+ Bd7 8. e6
fxe6 9. Ng5 Qa5 10. Bxd7+ Nxd7 11. Qxg4 cxd4 12. Nxe6 Bf6 13. O-O dxc3 14. b4
Qb6+ 15. Kh1 Rc8 16. Ng5 d5 17. Re1 Rc6 18. a4 Bxg5 19. fxg5 e5 20. Be3 Qc7 21.
b5 Rd6 22. Rf1 d4 23. Bc1 Qc4 24. Ba3 Qe6 25. Qe2 Rd5 26. Qc4 Nb6 27. Qb4 Nd7
28. a5 e4 29. Qc4 Ne5 30. Qc7 Rxb5 31. Qb8+ Kd7 32. Qxh8 d3 33. Qxh7+ 1-0

[Event "Frankfurt Ch 2009"]
[Site "Ffm-Kalbach, LAZ"]
[Date "2009.06.15"]
[Round "5.48"]
[White "Gutacker, Stephan"]
[Black "Arnold, Michael"]
[Result "0-1"]
[WhiteElo "1967"]
[BlackElo "1857"]
[PlyCount "48"]
[EventDate "2009.??.??"]
[WhiteTeam "Sfr.1932 Kelkheim"]
[BlackTeam "SK Langen"]

1. e4 d5 2. exd5 Qxd5 3. Nc3 Qd6 4. g3 Nf6 5. Bg2 c6 6. Nge2 Bf5 7. d3 e6 8.
O-O Be7 9. b3 O-O 10. Bb2 Nbd7 11. a4 Nb6 12. Ne4 Nxe4 13. dxe4 Bg6 14. Qc1
Rad8 15. a5 Nc8 16. Nf4 Qc7 17. h4 e5 18. Nd3 f6 19. Qe3 c5 20. Ba3 c4 21. Nc5
Bf7 22. bxc4 Rd4 23. Rfb1 Bxc5 24. Bxc5 Qxc5 0-1

[Event "Frankfurt Ch 2009"]
[Site "Ffm-Kalbach, LAZ"]
[Date "2009.06.15"]
[Round "5.49"]
[White "Haftmann, Rainer"]
[Black "Ostermeier, Thorsten"]
[Result "1-0"]
[WhiteElo "1876"]
[BlackElo "1971"]
[PlyCount "113"]
[EventDate "2009.??.??"]
[WhiteTeam "SG 1945 Dietzenbach"]
[BlackTeam "Sfr. Frankfurt 1921"]

1. e4 c5 2. Nf3 a6 3. d4 cxd4 4. Nxd4 Nf6 5. Nc3 e5 6. Nb3 Bb4 7. Bd2 d6 8. f3
Bxc3 9. Bxc3 Nxe4 10. Bxe5 Qe7 11. fxe4 dxe5 12. Qf3 O-O 13. Bd3 Nc6 14. O-O
Be6 15. c3 Rfd8 16. Bc2 a5 17. Rad1 a4 18. Rxd8+ Qxd8 19. Nc5 Bc4 20. Bd3 Qe7
21. Qf2 Bxa2 22. Ra1 b6 23. Rxa2 bxc5 24. Bb5 Qd6 25. Qf1 Nd8 26. Rxa4 Rxa4 27.
Bxa4 Qd2 28. Qd1 Qe3+ 29. Kh1 Ne6 30. Bb3 Nf8 31. Qf1 Ne6 32. Bxe6 fxe6 33. Qb1
c4 34. h3 Qd3 35. Qe1 h6 36. Kh2 Qc2 37. Qe3 Qxb2 38. Qg3 Qb8 39. Qg6 Qd6 40.
Qe8+ Kh7 41. h4 Qd2 42. Qc6 Qxc3 43. Qxe6 Qd4 44. Qf5+ Kg8 45. h5 c3 46. Qe6+
Kf8 47. Qf5+ Ke7 48. Qg6 Qd2 49. Qxg7+ Kd6 50. Qf6+ Kd7 51. Qf7+ Kc6 52. Qc4+
Kd6 53. Qb4+ Ke6 54. Qc4+ Kf6 55. Qc6+ Kg5 56. Qg6+ Kf4 57. Qf5+ 1-0

[Event "Frankfurt Ch 2009"]
[Site "Ffm-Kalbach, LAZ"]
[Date "2009.06.15"]
[Round "5.50"]
[White "Milde, Dieter"]
[Black "Sarközy, Benjamin"]
[Result "0-1"]
[WhiteElo "1625"]
[BlackElo "1820"]
[PlyCount "58"]
[EventDate "2009.??.??"]
[WhiteTeam "Bad Vilbeler Sfr.1985"]
[BlackTeam "SC 1933 Somborn"]

1. d4 d5 2. Nf3 Nf6 3. e3 Bf5 4. c4 e6 5. Qb3 Qc8 6. Nc3 c6 7. cxd5 exd5 8. Qd1
Nbd7 9. Bd3 Bg6 10. O-O Bd6 11. Re1 O-O 12. e4 dxe4 13. Nxe4 Nxe4 14. Bxe4 Bxe4
15. Rxe4 Nf6 16. Rh4 Qf5 17. Qb3 Rab8 18. Be3 Rfe8 19. Ne5 Nd5 20. Rh3 Bxe5 21.
dxe5 Qxe5 22. Qd3 Qe4 23. Bxa7 Ra8 24. Qxe4 Rxe4 25. Bc5 Rc4 26. Bd6 Rxa2 27.
Re1 Re4 28. Rb1 Rxb2 29. Ra1 Ra2 0-1

[Event "Frankfurt Ch 2009"]
[Site "Ffm-Kalbach, LAZ"]
[Date "2009.06.15"]
[Round "5.51"]
[White "Makilla, Tobias"]
[Black "Krischak, Werner"]
[Result "0-1"]
[WhiteElo "1945"]
[BlackElo "1627"]
[PlyCount "64"]
[EventDate "2009.??.??"]
[WhiteTeam "Sfr.1932 Kelkheim"]
[BlackTeam "SK Marburg 1931/72"]

1. e4 c6 2. d4 d5 3. e5 Bf5 4. Bd3 Bxd3 5. Qxd3 e6 6. Ne2 c5 7. c3 Nc6 8. O-O
cxd4 9. cxd4 Rc8 10. f4 Nge7 11. Ng3 g6 12. Nc3 a6 13. Be3 Bg7 14. Rfc1 O-O 15.
a3 Na5 16. Rc2 Nb3 17. Re1 Qc7 18. Ree2 Qc4 19. Qd1 Nc6 20. Nce4 Qa4 21. Nd6
Rb8 22. Rc3 Ncxd4 23. Rf2 b5 24. Rd3 Rfd8 25. Bxd4 Nxd4 26. Qxa4 bxa4 27. Rxd4
Rxd6 28. Rc2 Rdb6 29. Rxa4 g5 30. Rc7 gxf4 31. Rxf4 Bxe5 32. Rfxf7 Bxc7 0-1

[Event "Frankfurt Ch 2009"]
[Site "Ffm-Kalbach, LAZ"]
[Date "2009.06.15"]
[Round "5.52"]
[White "Mager, Denis"]
[Black "Fischer, Manfred"]
[Result "0-1"]
[WhiteElo "1467"]
[BlackElo "1986"]
[PlyCount "58"]
[EventDate "2009.??.??"]
[WhiteTeam "TuS Makkabi Ffm"]
[BlackTeam "SC FK Babenhausen 1994"]

1. Nf3 Nf6 2. c4 e6 3. d4 c5 4. Bg5 cxd4 5. Nxd4 Nc6 6. e3 Qa5+ 7. Qd2 Qxg5 8.
Nc3 Bb4 9. Qc2 O-O 10. h4 Qe5 11. Nf3 Bxc3+ 12. bxc3 Qc5 13. Bd3 Ne5 14. Nxe5
Qxe5 15. O-O-O d5 16. c5 Ne4 17. Kb2 f5 18. f4 Qc7 19. g4 Qxc5 20. Bxe4 fxe4
21. Rde1 Bd7 22. g5 b5 23. h5 b4 24. h6 bxc3+ 25. Qxc3 Rab8+ 26. Kc2 Rfc8 27.
Qxc5 Rxc5+ 28. Kd2 Rb2+ 29. Kd1 Ba4# 0-1

[Event "Frankfurt Ch 2009"]
[Site "Ffm-Kalbach, LAZ"]
[Date "2009.06.15"]
[Round "5.54"]
[White "Pauner, Jean-Marie"]
[Black "Ebertz, Michael"]
[Result "1-0"]
[WhiteElo "1843"]
[BlackElo "1587"]
[PlyCount "65"]
[EventDate "2009.??.??"]
[WhiteTeam "Sfr.1891 Friedberg"]
[BlackTeam "SC 1952 Obertshausen"]

1. e4 c5 2. Nf3 Nc6 3. Bb5 Nf6 4. e5 Nd5 5. Nc3 Nxc3 6. bxc3 Qc7 7. O-O a6 8.
Bxc6 dxc6 9. d4 Bg4 10. h3 Bxf3 11. Qxf3 e6 12. Be3 cxd4 13. cxd4 Be7 14. Qg4
g6 15. Bh6 Bf8 16. Bxf8 Rxf8 17. Rab1 h5 18. Qg5 b5 19. Rb3 Qd8 20. Qe3 Qd5 21.
Rc3 Kd7 22. a3 Ke8 23. Rc5 Qd7 24. Qe4 Rc8 25. Rc1 f6 26. Qxg6+ Kd8 27. Qe4 f5
28. Qf3 a5 29. c4 b4 30. Rxa5 bxa3 31. Rxa3 Ke7 32. Qf4 Ra8 33. Qg5+ 1-0